ბათუმის შოთა რუსთაველის სახელმწიფო უნივერსიტეტის ბიბლიოთეკა

მზე მამულში. (ბიბ.ჩანაწერი № 40117)

000 -LEADER
fixed length control field 00689nam a2200217Ia 4500
001 - CONTROL NUMBER
control field 6723
003 - CONTROL NUMBER IDENTIFIER
control field GE_BSU
008 - FIXED-LENGTH DATA ELEMENTS--GENERAL INFORMATION
fixed length control field 181216s||||||||xx |||||||||||||| ||und||
040 ## - CATALOGING SOURCE
Transcribing agency GE_BSU
080 ## - UNIVERSAL DECIMAL CLASSIFICATION NUMBER
Universal Decimal Classification number 821.353.1-1
100 ## - MAIN ENTRY--PERSONAL NAME
Personal name გელაძე,ლევან.
245 ## - TITLE STATEMENT
Title მზე მამულში.
245 ## - TITLE STATEMENT
Remainder of title ლექსები და პოემები.
245 ## - TITLE STATEMENT
Statement of responsibility, etc. რედ:ნ.ნოღაიდელი.
260 ## - PUBLICATION, DISTRIBUTION, ETC.
Place of publication, distribution, etc. ბათუმი.
260 ## - PUBLICATION, DISTRIBUTION, ETC.
Name of publisher, distributor, etc. სახელმწიფო გამომცემლობა.
260 ## - PUBLICATION, DISTRIBUTION, ETC.
Date of publication, distribution, etc. 1961.
300 ## - PHYSICAL DESCRIPTION
Extent 202გვ;20სმ.
653 ## - INDEX TERM--UNCONTROLLED
Uncontrolled term ლექსები და პოემები.
942 ## - ADDED ENTRY ELEMENTS (KOHA)
Koha item type წიგნი

არაა ხელმისაწვდომი ეგზემპლარები.